000
00287nam a2200097Ia 4500
082
_a
641.860968 VAND
245
0
_a
Delightful desserts
100
_a
Van der Westhuizen, Marlene Johannesburg, South Africa, 2011
_9
56637
942
_c
BK
008
210817s9999 xx 000 0 und d
999
_c
177286
_d
177287